000 00642nam a2200229Ia 4500
003 OSt
005 20221007071453.0
006 a|||||r|||| 00| 0
007 ta
008 221006b |||||||| |||| 00| 0 eng d
024 _a10,021
037 _cReference Collections
040 _aFLL
_cFLL
_beng
041 _2eng
_aeng
082 _aZ1,218oaB978, M2
100 _aMatee Nicolas M. Au.
_9688840
245 0 _aAerospace law
260 _aLondon
_bButterworths London
_c1982
300 _axx,354p
_ccm.
942 _hZ1,218oaB978, M2
_cREF
_2CC
999 _c1143438
_d1143438